Tilastot visalle Valtioita virallisten kielten mukaan

Klikkaa tästä pelataksesi tätä visaa!

Yleistilastot

  • Tätä visaa on pelattu 814 kertaa
  • Keskiarvotulos 13 / 20

Vastaustilastot

Viralliset kieletValtio% Oikein
tanskaTanska
100%
hollanti, ranska, saksaBelgia
87%
hindi, englantiIntia
87%
saksa, ranska, italia, retoromaaniSveitsi
82%
kreikka, turkkiKypros
81%
hepreaIsrael
80%
arabia, kurdiIrak
79%
italia, latinaVatikaanivaltio
79%
englanti, afrikaans, zulu, jne.Etelä-Afrikka
76%
englanti, maoriUusi-Seelanti
69%
katalaaniAndorra
60%
eteläsotho, englantiLesotho
57%
paštu, persiaAfganistan
50%
englanti, urduPakistan
50%
khmerKambodža
44%
englanti, malaiji, kiina, tamiliSingapore
43%
sinhali, tamiliSri Lanka
42%
tagalog, englantiFilippiinit
40%
amharaEtiopia
34%
malagassi, ranskaMadagaskar
33%

Tulosjakauma

Persentiili vastausten määrän mukaan

Jokaisen tuloksen saaneiden osuus

Tuloshistoriasi

Et ole pelannut tätä visaa